Cohesion and growth : (Record no. 3483)

MARC details
000 -LEADER
fixed length control field 00578cam a2200169 i 4500
008 - FIXED-LENGTH DATA ELEMENTS--GENERAL INFORMATION
fixed length control field 141212s2015 enka b 001 0 eng
020 ## - INTERNATIONAL STANDARD BOOK NUMBER
ISBN 9781138846623 (hardback)
020 ## - INTERNATIONAL STANDARD BOOK NUMBER
ISBN 9781138846630 (pbk.)
100 1# - MAIN ENTRY--AUTHOR
Author Molle, Willem.
245 10 - TITLE STATEMENT
Title Cohesion and growth :
Remainder of title the theory and practice of European policy making /
Statement of responsibility, etc Willem Molle.
260 ## - PUBLICATION, DISTRIBUTION, ETC. (IMPRINT)
Place of publication Oxon
Name of publisher Routtedge
Date of publication 2015
300 ## - COLLATION
Pagination xix, 319 pages
Other physical details illustrations ;
650 ## - TRACINGS
Main Subject European Union Countries-Economy Policy
Subdivision (1st) European Union Countries-Social Policy
942 ## - ADDED ENTRY ELEMENTS (KOHA)
Item type Books
050 00 - LIBRARY OF CONGRESS CALL NUMBER
Classification number HC240
Item number .M65 2015
082 00 - DEWEY DECIMAL CLASSIFICATION NUMBER
Classification number 338.94
Holdings
Source of classification or shelving scheme Not for loan Permanent location Current location Date acquired Accession No. Full call number Barcode. Koha item type
Library of Congress Classification   Samuel Ogbemudia Main Library, University of Abuja Samuel Ogbemudia Main Library, University of Abuja 05/14/2025 2024/63848 HC240.M65 2025-1951 Books